| 000 | 01085cab a22002055a 4500 | ||
|---|---|---|---|
| 001 | L148204 | ||
| 008 | 090819e20090801xxkao g 000 0 eng d | ||
| 035 | _a(Sirsi) u148204 | ||
| 041 | 0 | _aeng | |
| 100 | 1 | _aPfleger, Heidi | |
| 245 | 0 | 0 | _aMore haste, less speed |
| 260 | _c2009 | ||
| 490 |
_aEstates Gazette _v(0930) 1 August 2009, 62-63 (2) |
||
| 520 | _aDiscusses the need for any business tenant renewing a tenancy under the Landlord and Tenant Act 1954 to properly determine the identity of the competent landlord and carefully remember deadlines. Recommends that practitioners review the statutory regime and ensure that the information in a notice is correct. Warns that mistakes can detrimentally affect the rights of landlords and tenants and may lead to an action in negligence. Article aimed at students. | ||
| 650 | 2 | 4 | _aLANDLORD AND TENANT ACT 1954 |
| 650 | 2 | 4 | _aLANDLORD AND TENANT ACT 1927 |
| 651 | 4 |
_aEngland and Wales _y1543- |
|
| 690 | _aPROPERTY-COMMERCIAL PROPERTY-LEASEHOLD COMMERCIAL PROPERTY-COMMERCIAL LANDLORD AND TENANT-BUSINESS TENANCIES | ||
| 942 | _n0 | ||
| 999 |
_c81753 _d81753 |
||